Chci dělat věci, které mají smysl, a nacházet v životě i práci rovnováhu

Michaela Hrdličková sa zaradila medzi 25 TOP žien českého podnikania za rok 2016. Zvíťazila v odvetví bio-farmácie. Šesť rokov je na čele českej pobočky americkej biotechnologickej firmy Biogen. Aká bola jej cesta na pozíciu vrcholovej manažérky. Ako vedie svojich ľudí. Rola ženy v manažmente. Čím s...

Ausführliche Beschreibung

Gespeichert in:
Bibliographische Detailangaben
1. Verfasser: Kazdová, Alena
Weitere Verfasser: Hrdličková, Michaela
Format: Buchkapitel
Sprache:Tschechisch
Schlagworte:
Tags: Tag hinzufügen
Keine Tags, Fügen Sie das erste Tag hinzu!

MARC

LEADER 00000naa a2200000 4500
001 0227603
005 20170228103440.6
041 0 |a cze 
044 |a CZ 
245 1 0 |a Chci dělat věci, které mají smysl, a nacházet v životě i práci rovnováhu  |c Alena Kazdová, Michaela Hrdličková 
520 |a Michaela Hrdličková sa zaradila medzi 25 TOP žien českého podnikania za rok 2016. Zvíťazila v odvetví bio-farmácie. Šesť rokov je na čele českej pobočky americkej biotechnologickej firmy Biogen. Aká bola jej cesta na pozíciu vrcholovej manažérky. Ako vedie svojich ľudí. Rola ženy v manažmente. Čím sa líši ženský a mužský leadership. Spolupráca medzi ženami a mužmi. Diverzita na pracovisku. 
610 2 0 |a manažéri 
610 2 0 |a ženy 
610 2 0 |a muži 
610 2 0 |a vedenie podniku 
610 2 0 |a vedenie ľudí 
610 2 0 |a rodina 
610 2 0 |a práca 
610 2 0 |a diverzita 
610 2 0 |a biotechnológia 
610 2 0 |a Česko 
100 1 |a Kazdová, Alena 
700 1 |a Hrdličková, Michaela